| 000 | 00876nam a22002897a 4500 | ||
|---|---|---|---|
| 001 | 408868 | ||
| 003 | OSt | ||
| 005 | 20210305075008.0 | ||
| 008 | 801203s1975 nyu 000 1 eng | ||
| 010 | _a 80006128 | ||
| 020 | _a0140025855 | ||
| 040 |
_aDLC _cDLC _dDLC _beng |
||
| 041 | _aeng | ||
| 050 | 1 | 0 |
_aPR6056.R4 _bD6 1981 |
| 080 |
_a821.111 _bF-88 |
||
| 082 | 0 | 0 |
_a823/.914 _219 |
| 100 | 1 | _aFreeling, Nicolas. | |
| 245 | 1 | 0 |
_aDouble barrel / _cNicolas Freeling. _b/ by: Penguin Books |
| 260 |
_aBaltimore, Maryland _bPenguin Books _c1975 |
||
| 300 |
_a207 p. _c18 cm. |
||
| 365 | _b1.25 usd | ||
| 500 | _aReprint of the 1st ed. published in 1965 by Harper & Row, New York. | ||
| 650 | 0 |
_9254 _aEnglish literature |
|
| 653 | _aინგლისური ლიტერატურა | ||
| 906 |
_a7 _bcbc _corignew _d1 _eocip _f19 _gy-gencatlg |
||
| 942 |
_2udc _cBK |
||
| 999 |
_c1962 _d1962 |
||